| 000 | 00620nam a2200229 a 4500 | ||
|---|---|---|---|
| 001 | BRL_1191 | ||
| 005 | 20190320211057.0 | ||
| 008 | 261113s1945----nyua######---#000-0#eng-# | ||
| 041 | _aeng | ||
| 044 | _anyu | ||
| 050 | 4 |
_aN5300 _b.C44 1945 |
|
| 100 | 1 |
_aCheney, Sheldon _926068 |
|
| 245 | 1 | 0 |
_aA world history of art _cBy Sheldon Cheney. |
| 260 |
_aNew York _bThe Viking Press _c1945 |
||
| 300 |
_axiv, 946 p. _bil. _c25 cm. |
||
| 500 | _aAu1363 | ||
| 504 | _aBibliografía descriptiva: p. 925-931 | ||
| 650 | 1 | 4 |
_aArte _xHistoria _926069 |
| 650 | 1 | 4 |
_aArte _xAntigüedades _911492 |
| 902 | _aGRL | ||
| 942 |
_2lcc _cB |
||
| 999 |
_c10003 _d10003 |
||